| 000 | 00736nam a2200229 a 4500 | ||
|---|---|---|---|
| 001 | BRCA_7726 | ||
| 005 | 20190320205950.0 | ||
| 008 | 300813s1955----sz-a######---#000-0#ger-# | ||
| 041 | _ager | ||
| 044 | _asz | ||
| 050 | 4 |
_aN3646 _b.S36 1955 |
|
| 245 | 1 | 0 |
_aSchonheit des 18 Jahrhunderts _bmalerei, plastik, porzellan, zeichnung, 10 September bis Ende Oktober 1955 _cKunsthaus Zurich. |
| 260 |
_aZúrich _bBuchdruckerei der Neuen Zurcher Zeitung _c1955 |
||
| 300 |
_a137 p. _bil., 56 láminas _c20 cm. |
||
| 500 | _aU75 | ||
| 650 | 1 | 4 |
_aPintores y escultores _zZúrich _919117 |
| 650 | 1 | 4 |
_aArte _zZúrich _918778 |
| 650 | 1 | 4 |
_aGalerías y museos _zSuiza _910728 |
| 710 | 2 |
_aKunsthaus (Zúrich) _919118 |
|
| 902 | _aGFM | ||
| 942 |
_2lcc _cB |
||
| 999 |
_c7400 _d7400 |
||